| 000 | 00943nam a2200253 a 4500 | ||
|---|---|---|---|
| 005 | 20160217163238.0 | ||
| 008 | 140307s2002 ck ||||| |||| 00| 0 spa d | ||
| 040 |
_aCO-BoIAVH _cCO-BoIAVH |
||
| 041 | _aspa | ||
| 044 | _ack | ||
| 082 | 0 | 4 |
_a346.04691 _bG98i |
| 100 | 1 | _aGutiérrez Bonilla, Francisco de P. | |
| 245 | 1 | 0 |
_aIntroducción, trasplante y repoblación con recursos hidrobiológicos marco normativo nacional, internacional y competencias institucionales en Colombia / _cFrancisco de P. Gutiérrez Bonilla. |
| 260 |
_aBogotá : _bMinambiente, _c2002. |
||
| 300 |
_a23 páginas ; _c27 cm. |
||
| 650 | 1 | 4 | _aRecursos hídricos |
| 650 | 2 | 4 | _aAcuicultura |
| 650 | 2 | 4 | _aRecursos pesqueros |
| 650 | 2 | 4 | _aPeces |
| 650 | 2 | 6 | _aNormas ambientales |
| 650 | 2 | 4 | _aConservación de la diversidad biológica |
| 710 | 2 |
_aColombia. _bMinisterio del Medio Ambiente |
|
| 942 |
_cLIBRO _2ddc |
||
| 999 |
_c2932 _d2932 |
||